[Event "Obro 60 aar"]
[Site "Kobenhavn"]
[Date "1996.10.14"]
[Round "3"]
[White "Ronneland, Daniel"]
[Black "Hartvig, Ove Weiss"]
[Result "1/2-1/2"]
[WhiteElo "2190"]
[BlackElo "2310"]
[PlyCount "56"]
[EventDate "1996.10.12"]
[EventCountry "DEN"]
[SourceVersionDate "2022.08.28"]

1. d4 Nf6 2. c4 c5 3. d5 b5 4. cxb5 a6 5. f3 axb5 6. e4 Qa5+ 7. Bd2 b4 8. Na3
d6 9. Nc4 Qd8 10. Ne3 g6 11. Bc4 Bg7 12. Ne2 Nbd7 13. O-O O-O 14. a3 bxa3 15.
Rxa3 Rb8 16. Qc2 Nb6 17. Rb1 e6 18. b4 Nxc4 19. Qxc4 exd5 20. exd5 Nd7 21. Qc2
Re8 22. bxc5 Rxb1+ 23. Qxb1 Nxc5 24. Qb4 Ba6 25. Nd4 Nd3 26. Qa4 Nc5 27. Qb4
Nd3 28. Qa4 Nc5 1/2-1/2

[Event "Obro 60 aar"]
[Site "Kobenhavn"]
[Date "1996.10.14"]
[Round "3"]
[White "Olesen, Martin"]
[Black "El Kher, Henrik"]
[Result "1-0"]
[WhiteElo "2370"]
[BlackElo "2200"]
[PlyCount "55"]
[EventDate "1996.10.12"]
[EventCountry "DEN"]
[SourceVersionDate "2022.08.28"]

1. d4 c5 2. e3 g6 3. Nf3 Bg7 4. c4 Nf6 5.
Nc3 O-O 6. Be2 cxd4 7. exd4 d5 8. O-O Nc6 9. Re1 dxc4 10. Bxc4 Na5 11. Bf1 Be6
12. Bg5 Rc8 13. Qa4 a6 14. d5 Bd7 15. Qh4 Bb5 16. Rad1 Nc4 17. a4 Nxb2 18. d6
Re8 19. dxe7 Qb6 20. Rd8 Rxc3 21. axb5 Rxd8 22. exd8=R+ Qxd8 23. Qb4 Rxf3 24.
gxf3 h6 25. Bc1 Nd3 26. Qd2 axb5 27. Qxd3 Qa5 28. Rd1 1-0

[Event "Obro 60 aar"]
[Site "Kobenhavn"]
[Date "1996.10.14"]
[Round "3"]
[White "Fredericia, Louise Winther"]
[Black "Schiodt, Niels Christian"]
[Result "0-1"]
[WhiteElo "2000"]
[BlackElo "2000"]
[PlyCount "58"]
[EventDate "1996.10.12"]
[EventCountry "DEN"]
[SourceVersionDate "2022.08.28"]

1. e4 c5 2. Nf3 Nc6 3. c4 e6 4. Nc3 Nf6 5. d3 Be7 6. g3 d5 7. e5 Ng4 8. Qe2 f6
9. exf6 Nxf6 10. Bh3 Nd4 11. Nxd4 cxd4 12. Nd1 dxc4 13. Bxe6 Qa5+ 14. Bd2 cxd3
15. Bf7+ Kxf7 16. Qxe7+ Kxe7 17. Bxa5 b6 18. Bb4+ Kf7 19. f3 Re8+ 20. Kd2 Ba6
21. Re1 Nd5 22. a3 Rxe1 23. Kxe1 Re8+ 24. Kf1 d2+ 25. Kf2 Re2+ 26. Kg1 Re1+ 27.
Kf2 Rf1+ 28. Kg2 Ne3+ 29. Kh3 Nxd1 0-1

[Event "Obro 60 aar"]
[Site "Kobenhavn"]
[Date "1996.10.14"]
[Round "3"]
[White "Hansen, Soren Asger"]
[Black "Larsen, Peter"]
[Result "0-1"]
[WhiteElo "2000"]
[BlackElo "2085"]
[PlyCount "96"]
[EventDate "1996.10.12"]
[EventCountry "DEN"]
[SourceVersionDate "2022.08.28"]

1. e4 c5 2. Nc3 e6 3. f4 d5 4. e5 Nc6 5. Nf3 f6 6. Bb5 Bd7 7. O-O Qc7 8. Bxc6
Qxc6 9. f5 d4 10. fxe6 Bxe6 11. Ne2 O-O-O 12. Nf4 Bg4 13. exf6 Qxf6 14. d3 Bd6
15. Ne2 Qg6 16. Bf4 Bxf4 17. Nxf4 Qd6 18. Qd2 Nf6 19. Rae1 Bxf3 20. Rxf3 Rde8
21. h3 g5 22. Ne2 g4 23. Qf4 Qxf4 24. Rxf4 Re6 25. hxg4 Rhe8 26. Kf2 Nd5 27.
Rf5 Ne3 28. Rxc5+ Kb8 29. g5 b6 30. Rc4 Nxc4 31. dxc4 Re5 32. b3 Rf5+ 33. Kg1
Rxg5 34. Kf2 Rf5+ 35. Kg1 Rfe5 36. Kf2 Kc7 37. b4 a5 38. a3 a4 39. Kf1 h5 40.
Kf2 h4 41. Kf1 Re3 42. Kf2 R8e4 43. Kf1 Rxa3 44. Rd1 h3 45. gxh3 Rxh3 46. Rxd4
Rxd4 47. Nxd4 a3 48. c3 a2 0-1

[Event "Obro 60 aar"]
[Site "Kobenhavn"]
[Date "1996.10.14"]
[Round "3"]
[White "Kirkegaard, Niels"]
[Black "Jakobsen, Ole"]
[Result "0-1"]
[WhiteElo "2000"]
[BlackElo "2400"]
[PlyCount "44"]
[EventDate "1996.10.12"]
[EventCountry "DEN"]
[SourceVersionDate "2022.08.28"]

1. e4 c5 2. Nf3 Nc6 3. d4 cxd4 4. Nxd4 Nf6 5. Nc3 d6 6.
Bc4 Qb6 7. Nxc6 bxc6 8. O-O g6 9. Re1 Ng4 10. Qe2 Bg7 11. Na4 Qa5 12. Bb3 Bd4
13. Rf1 Qe5 14. g3 Qh5 15. h4 O-O 16. Bc4 Be6 17. Bd3 Rab8 18. Nc3 Kh8 19. Nd1
f5 20. c3 Bb6 21. b3 f4 22. Qf3 Nxf2 0-1

[Event "Obro 60 aar"]
[Site "Kobenhavn"]
[Date "1996.10.14"]
[Round "3"]
[White "Andersen, Preben"]
[Black "Toldsted, Jorgen"]
[Result "0-1"]
[WhiteElo "2050"]
[BlackElo "2000"]
[PlyCount "84"]
[EventDate "1996.10.12"]
[EventCountry "DEN"]
[SourceVersionDate "2022.08.28"]

1. e4 c6 2. d4 d5 3. e5 Bf5 4. Nc3 e6 5. g4 Bg6 6. Nge2 c5 7. Be3 Nc6 8. Nf4
Bxc2 9. Qxc2 cxd4 10. Bxd4 Nxd4 11. Qa4+ Nc6 12. Bb5 Nge7 13. Rd1 a6 14. Be2 b5
15. Qc2 Nxe5 16. O-O g6 17. Nxb5 axb5 18. Bxb5+ Nd7 19. Qc3 Rg8 20. Rfe1 Bg7
21. Qf3 Rb8 22. a4 Rxb5 23. axb5 Qb6 24. Ra1 Nb8 25. Ra8 Bxb2 26. Nd3 Qb7 27.
Rxb8+ Qxb8 28. Nxb2 Qxb5 29. Nd3 Nc6 30. Nf4 Ne7 31. Qa3 Qb7 32. Qa4+ Kd8 33.
Rc1 g5 34. Qa5+ Ke8 35. Nd3 Kf8 36. Qc3 Ng6 37. Nc5 Qe7 38. Rb1 e5 39. Rb7 Qd6
40. Qb4 Kg7 41. Rd7 Qc6 42. Rb7 Rc8 0-1

[Event "Obro 60 aar"]
[Site "Kobenhavn"]
[Date "1996.10.14"]
[Round "3"]
[White "Olesen, Michael"]
[Black "Clausen, Steen"]
[Result "0-1"]
[WhiteElo "2000"]
[BlackElo "2260"]
[PlyCount "86"]
[EventDate "1996.10.12"]
[EventCountry "DEN"]
[SourceVersionDate "2022.08.28"]

1. e4 d6 2. d4
Nf6 3. Nc3 g6 4. Nf3 Bg7 5. Be2 O-O 6. O-O c6 7. Bf4 Bg4 8. Qd2 Nbd7 9. Rfe1
Bxf3 10. Bxf3 e5 11. dxe5 dxe5 12. Bg5 Nc5 13. Qe3 Ne6 14. Bxf6 Bxf6 15. Ne2
Qb6 16. Qxb6 axb6 17. Red1 Rfd8 18. a3 Be7 19. g3 b5 20. h4 Kf8 21. Kf1 Bc5 22.
Bg4 Ke7 23. Bxe6 Kxe6 24. c3 f5 25. exf5+ gxf5 26. f4 e4 27. Nd4+ Bxd4 28. cxd4
Ra4 29. b4 Rda8 30. Rac1 Rxa3 31. Rc5 Rd8 32. Re5+ Kf6 33. d5 Rxg3 34. Re6+ Kf7
35. Re5 Rxd5 36. Rdxd5 cxd5 37. Rxf5+ Ke6 38. Rf8 d4 39. Re8+ Kd5 40. Re7 d3
41. f5 Rf3+ 42. Ke1 Rxf5 43. Rxh7 e3 0-1

[Event "Obro 60 aar"]
[Site "Kobenhavn"]
[Date "1996.10.14"]
[Round "3"]
[White "Backlund, Anders"]
[Black "Aagaard, Jacob"]
[Result "0-1"]
[WhiteElo "2190"]
[BlackElo "2370"]
[PlyCount "82"]
[EventDate "1996.10.12"]
[EventCountry "DEN"]
[SourceVersionDate "2022.08.28"]

1. e4 c5 2. Nf3 d6 3. d4 Nf6 4. Nc3 cxd4 5. Nxd4 Nc6 6. Bg5 e6 7. Qd2 a6 8.
O-O-O h6 9. Be3 Nxd4 10. Bxd4 b5 11. f3 Be7 12. Kb1 Qa5 13. Nd5 Qxd2 14. Nxf6+
gxf6 15. Rxd2 e5 16. Be3 f5 17. exf5 Bxf5 18. Bd3 Bxd3 19. Rxd3 Kd7 20. f4 Ke6
21. g4 Rag8 22. Ra3 Rxg4 23. fxe5 Re4 24. exd6 Bxd6 25. Rd3 f5 26. Rg1 Bxh2 27.
Rg6+ Kf7 28. Rxa6 Rhe8 29. Bc1 R8e6 30. Rxe6 Rxe6 31. Rh3 Bb8 32. c3 f4 33. Kc2
Kg6 34. Kd3 Kg5 35. Bd2 Kg4 36. Rh1 Ba7 37. Be1 f3 38. Rh4+ Kg5 39. Rh1 f2 40.
Bd2+ Kg4 41. Bxh6 Rxh6 0-1

[Event "Obro 60 aar"]
[Site "Kobenhavn"]
[Date "1996.10.14"]
[Round "3"]
[White "Olsen, Peter Erik"]
[Black "Jensen, Henrik W"]
[Result "1-0"]
[WhiteElo "2240"]
[BlackElo "2150"]
[PlyCount "81"]
[EventDate "1996.10.12"]
[EventCountry "DEN"]
[SourceVersionDate "2022.08.28"]

1. d4 d5 2. c4 e6 3. Nc3 Nf6 4. Bg5 c6 5. e3 Nbd7 6. cxd5 exd5 7. Bd3 Be7 8.
Qc2 O-O 9. Nf3 Re8 10. h3 Ne4 11. Bxe4 dxe4 12. Nxe4 Qa5+ 13. Qd2 Bb4 14. Nc3
Nb6 15. a3 Nd5 16. Rc1 Bxc3 17. bxc3 Qxa3 18. c4 Nc7 19. O-O Bf5 20. Ra1 Qd6
21. Qa5 Qd7 22. Bf4 b6 23. Qa4 f6 24. Bg3 h6 25. d5 cxd5 26. Qxd7 Bxd7 27. Bxc7
dxc4 28. Rfd1 Bf5 29. Rd4 Be6 30. Rd6 Bf5 31. Nd4 Bd3 32. Nc6 b5 33. Ba5 a6 34.
Bb4 Be4 35. Nd4 Bb7 36. Rb6 Bc8 37. Nxb5 Bxh3 38. Nc7 Rab8 39. Raxa6 Rxb6 40.
Rxb6 Rc8 41. Nd5 1-0

[Event "Obro 60 aar"]
[Site "Kobenhavn"]
[Date "1996.10.14"]
[Round "3"]
[White "Larsen, Karsten"]
[Black "Spoer, Morten"]
[Result "1-0"]
[WhiteElo "2000"]
[BlackElo "2000"]
[PlyCount "77"]
[EventDate "1996.10.12"]
[EventCountry "DEN"]
[SourceVersionDate "2022.08.28"]

1. e4 e5 2. Bc4 Nc6 3. d3 Bc5 4. c3 Nf6 5. Bg5 h6 6. Bh4 d6 7. b4 Bb6 8. Qb3
O-O 9. a4 a6 10. a5 Ba7 11. f3 Ne7 12. Bxf6 gxf6 13. Ne2 c6 14. Qc2 d5 15. Bb3
f5 16. Nd2 Kh8 17. c4 Rg8 18. g3 dxe4 19. dxe4 c5 20. b5 b6 21. O-O bxa5 22.
Ba4 f4 23. Rad1 Bh3 24. Rf2 Rg6 25. Nb1 Qg8 26. Kh1 Qg7 27. Nbc3 Rg8 28. Rg1
Nc8 29. Nd5 axb5 30. Bxb5 Be6 31. Rff1 Bxd5 32. exd5 fxg3 33. Rxg3 Nd6 34. Bd7
Qf6 35. Kg2 Qh4 36. f4 Rxg3+ 37. hxg3 e4 38. Qc3+ f6 39. Rh1 1-0

[Event "Obro 60 aar"]
[Site "Kobenhavn"]
[Date "1996.10.14"]
[Round "3"]
[White "Overgaard, Christian M"]
[Black "Vestergaard, Kenneth"]
[Result "1-0"]
[WhiteElo "2270"]
[BlackElo "2000"]
[PlyCount "65"]
[EventDate "1996.10.12"]
[EventCountry "DEN"]
[SourceVersionDate "2022.08.28"]

1. Nf3 c5 2. c4 g6 3. e4 Bg7 4. d4 cxd4 5. Nxd4 Nc6 6. Be3 d6 7. Nc3 Nf6 8. Be2
a6 9. O-O O-O 10. f3 Ne8 11. Rc1 Bd7 12. Nb3 f5 13. Qd2 b6 14. exf5 Rxf5 15. f4
Rf7 16. Ne4 Nf6 17. Ng5 Rf8 18. Bf3 Rc8 19. Nd4 Nxd4 20. Bxd4 h6 21. Ne4 Kh7
22. Ng3 Bc6 23. f5 g5 24. Be2 b5 25. Qe3 Qd7 26. b3 Qb7 27. Rf2 bxc4 28. bxc4
Ne4 29. f6 Nxf6 30. Bd3+ Kh8 31. Rb2 Qd7 32. Bf5 Ng4 33. Bxg7+ 1-0

[Event "Obro 60 aar"]
[Site "Kobenhavn"]
[Date "1996.10.14"]
[Round "3"]
[White "Jorgensen, Michael"]
[Black "Rodgaard, John"]
[Result "1-0"]
[WhiteElo "2285"]
[BlackElo "2375"]
[PlyCount "81"]
[EventDate "1996.10.12"]
[EventCountry "DEN"]
[SourceVersionDate "2022.08.28"]

1. d4 e6 2. c4 d5 3. Nc3 c6 4. Nf3 Nf6 5. Bg5 h6 6. Bxf6 Qxf6 7. e3 Nd7 8. Bd3
Qd8 9. O-O Be7 10. e4 dxe4 11. Nxe4 Nf6 12. Qe2 Qc7 13. Rad1 Bd7 14. Ne5 Rd8
15. Qe3 Bc8 16. Bb1 b6 17. Qg3 Rg8 18. Rfe1 Bb7 19. Bc2 a6 20. a3 Qc8 21. b4
Kf8 22. c5 b5 23. Qf3 Qc7 24. Ng3 g6 25. Be4 Rc8 26. h4 h5 27. Ne2 Kg7 28. Nf4
Nxe4 29. Rxe4 Bxh4 30. Nxh5+ gxh5 31. Rxh4 Rh8 32. Rxh5 Rxh5 33. Qxh5 Rh8 34.
Qg5+ Kf8 35. Qf4 Ke8 36. Rd3 Qe7 37. Rg3 Rf8 38. Rg7 Qc7 39. Qg5 Qe7 40. Qg3
Qf6 41. Nxf7 1-0

[Event "Obro 60 aar"]
[Site "Kobenhavn"]
[Date "1996.10.14"]
[Round "3"]
[White "Nilssen, John Arni"]
[Black "Nilsson, Nils Specht"]
[Result "1-0"]
[WhiteElo "2230"]
[BlackElo "2235"]
[PlyCount "115"]
[EventDate "1996.10.12"]
[EventCountry "DEN"]
[SourceVersionDate "2022.08.28"]

1. d4 Nf6 2. c4 e6 3. g3 Bb4+ 4. Nd2 c5 5. a3 Bxd2+ 6. Qxd2 cxd4 7. Nf3 Nc6 8.
Nxd4 Ne4 9. Nxc6 Nxd2 10. Nxd8 Nb3 11. Nxf7 Nxa1 12. Nxh8 Nb3 13. Bf4 Kf8 14.
Bd6+ Kg8 15. Ng6 hxg6 16. e3 a5 17. Bd3 a4 18. Bxg6 Ra6 19. Bb4 Rc6 20. O-O
Rxc4 21. Bd3 Rc7 22. Bb5 b6 23. Bxa4 Nc1 24. Bb5 Rc2 25. Rd1 d5 26. Rd2 Rxd2
27. Bxd2 Nb3 28. Bc3 Kf7 29. Be5 Nd2 30. Bc7 Nc4 31. a4 Nxb2 32. Bxb6 Nc4 33.
Bc7 Ke7 34. a5 Bb7 35. a6 Ba8 36. Kf1 Na3 37. Bd3 Nc4 38. Bxc4 dxc4 39. Be5 g6
40. Ke2 Kd7 41. f3 Kc6 42. a7 Kb7 43. Bd4 e5 44. Bxe5 Kxa7 45. e4 Kb6 46. Ke3
Kc5 47. Bc3 Bc6 48. h4 Kd6 49. g4 Be8 50. f4 Ke7 51. Kd4 Bd7 52. f5 gxf5 53.
gxf5 Bc6 54. h5 Kf7 55. e5 Bf3 56. e6+ Kg8 57. h6 Kh7 58. f6 1-0

[Event "Obro 60 aar"]
[Site "Kobenhavn"]
[Date "1996.10.14"]
[Round "3"]
[White "Olsen, Heini"]
[Black "Larsen, Flemming Bo"]
[Result "1-0"]
[WhiteElo "2315"]
[BlackElo "2000"]
[PlyCount "91"]
[EventDate "1996.10.12"]
[EventCountry "DEN"]
[SourceVersionDate "2022.08.28"]

1. Nf3 Nf6 2. c4 g6 3. Nc3 Bg7 4. e4 d6 5. d4 O-O 6. Be2 e5 7. d5 a5 8. Bg5 h6
9. Bh4 Qe8 10. Nd2 Na6 11. O-O h5 12. a3 Nh7 13. f3 Bd7 14. b3 Bh6 15. Ra2 Be3+
16. Kh1 Kg7 17. Qb1 g5 18. Be1 Bc5 19. Nd1 Rh8 20. Bf2 Nf8 21. Ne3 f6 22. Nf5+
Kf7 23. Bxc5 Nxc5 24. b4 axb4 25. axb4 Rxa2 26. Qxa2 Na4 27. Qb3 Ng6 28. Rc1
Ne7 29. Ne3 Qa8 30. c5 Qa7 31. Ndc4 b5 32. cxb6 Nxb6 33. Na5 Kg6 34. Qd3 Ra8
35. g3 Bc8 36. f4 Na4 37. Rf1 Nc5 38. bxc5 Qxa5 39. cxd6 cxd6 40. Nc4 Qc5 41.
fxe5 dxe5 42. Qf3 Ng8 43. Nxe5+ Kg7 44. Qxh5 Qe7 45. Qg6+ Kf8 46. Qxg5 1-0

[Event "Obro 60 aar"]
[Site "Kobenhavn"]
[Date "1996.10.14"]
[Round "3"]
[White "Rimestad, Arild"]
[Black "Petersen, Nils"]
[Result "1-0"]
[WhiteElo "2000"]
[BlackElo "2135"]
[PlyCount "111"]
[EventDate "1996.10.12"]
[EventCountry "DEN"]
[SourceVersionDate "2022.08.28"]

1. e4 c5 2. Nc3 e6 3. g3 Nc6 4. Bg2 d6 5. d3 g6 6. Be3 Bg7 7. Qd2 Bd7 8. f4 Qa5
9. Nf3 Qb4 10. Rb1 Bxc3 11. Qxc3 Qxc3+ 12. bxc3 b6 13. g4 h5 14. gxh5 Rxh5 15.
Ng5 f6 16. Nf3 Nge7 17. h4 O-O-O 18. d4 e5 19. fxe5 fxe5 20. d5 Na5 21. Ng5 Rf8
22. Bf3 Rhh8 23. Be2 Kc7 24. Kd2 Nb7 25. c4 Nd8 26. c3 Ng8 27. Rbg1 Nf6 28. Kd3
Nh5 29. Nf3 Be8 30. Rg5 Nf4+ 31. Bxf4 Rxf4 32. h5 gxh5 33. Nh4 Rh7 34. Rg8 Bf7
35. Rg5 Rf6 36. Nf5 Bg6 37. Rhg1 Bxf5 38. Rxf5 Rxf5 39. exf5 Kd7 40. f6 Ke8 41.
Rg8+ Kf7 42. Rxd8 Kxf6 43. Rxd6+ Kf5 44. Ke3 e4 45. Re6 h4 46. Rxe4 h3 47. Rf4+
Ke5 48. Bf3 h2 49. Bh1 Rh3+ 50. Rf3 Rh4 51. Kd3 Rh7 52. Kc2 Kd6 53. Re3 Kd7 54.
Kb3 a6 55. Re6 Kc7 56. Rc6+ 1-0

[Event "Obro 60 aar"]
[Site "Kobenhavn"]
[Date "1996.10.14"]
[Round "3"]
[White "Henrichsen, Jens"]
[Black "Malekian, Babak"]
[Result "1/2-1/2"]
[WhiteElo "2075"]
[BlackElo "2275"]
[PlyCount "81"]
[EventDate "1996.10.12"]
[EventCountry "DEN"]
[SourceVersionDate "2022.08.28"]

1. d4 g6 2. c4 Bg7 3. Nc3 d6 4. e4 Nc6 5. Be3 e5 6. d5 Nce7 7. Qd2 f5 8. f3 Nf6
9. O-O-O O-O 10. Kb1 fxe4 11. Nxe4 Nf5 12. Bg5 Nd4 13. Bd3 c5 14. Ne2 Nxe4 15.
Bxe4 Bf6 16. Bxf6 Qxf6 17. Ng3 Bd7 18. Bd3 Qe7 19. h4 Rf4 20. h5 g5 21. h6 Be8
22. Rde1 Kh8 23. Nf1 Bf7 24. Ne3 Rg8 25. Be4 Be8 26. b4 cxb4 27. Qxb4 Qc7 28.
Bd3 Rf7 29. Rc1 b6 30. Nc2 Nxc2 31. Rxc2 Qd8 32. Re2 Rf4 33. Qc3 Rgf8 34. Kb2
Rd4 35. Rhe1 Qf6 36. Qxd4 exd4 37. Rxe8 Qxh6 38. R1e6 Qg7 39. R8e7 Rf7 40. Re8+
Rf8 41. R8e7 1/2-1/2

[Event "Obro 60 aar"]
[Site "Kobenhavn"]
[Date "1996.10.14"]
[Round "3"]
[White "Nolsoe, Eydun"]
[Black "Johansen, Morten"]
[Result "1-0"]
[WhiteElo "2160"]
[BlackElo "2220"]
[PlyCount "120"]
[EventDate "1996.10.12"]
[EventCountry "DEN"]
[SourceVersionDate "2022.08.28"]

1. e4 d5 2. exd5 Qxd5 3. Nc3 Qa5 4. d4 Nf6 5. Nf3 Bf5 6. Bd2 c6 7. Be2 e6 8.
O-O Nbd7 9. Re1 Bb4 10. a3 Bxc3 11. Bxc3 Qc7 12. Bd3 Bg4 13. Bd2 O-O 14. Qe2
Rfd8 15. Bg5 Qd6 16. Rad1 Qd5 17. Qe3 Qa5 18. Be2 h6 19. Bh4 Re8 20. Ne5 Bf5
21. Bd3 Bxd3 22. Rxd3 Nd5 23. Qc1 Nxe5 24. dxe5 Nf4 25. Rd6 Ng6 26. Bg3 Ne7 27.
b4 Qb6 28. Red1 a5 29. c3 axb4 30. axb4 Nf5 31. Rd7 Ra2 32. Qf4 Rea8 33. Qf3
Ra1 34. Bf4 Rxd1+ 35. Rxd1 Rd8 36. h3 Rd5 37. Rxd5 cxd5 38. g4 Nh4 39. Qg3 Ng6
40. Be3 Qa6 41. Bd4 Qa1+ 42. Kh2 Qf1 43. h4 Qe2 44. h5 Ne7 45. Kg2 Nc6 46. Be3
Qc4 47. Bf4 d4 48. g5 hxg5 49. Bxg5 Qxc3 50. Qf4 d3 51. Bf6 gxf6 52. exf6 Ne5
53. Qg3+ Kf8 54. h6 Qc6+ 55. Kh2 Qe4 56. Qg7+ Ke8 57. h7 Qf4+ 58. Kg1 Nf3+ 59.
Kg2 Ne1+ 60. Kf1 d2 1-0

[Event "Obro 60 aar"]
[Site "Kobenhavn"]
[Date "1996.10.14"]
[Round "3"]
[White "Stojanovski, Sandi"]
[Black "Larsen, Pelle O"]
[Result "1/2-1/2"]
[WhiteElo "2200"]
[BlackElo "2000"]
[PlyCount "123"]
[EventDate "1996.10.12"]
[EventCountry "DEN"]
[SourceVersionDate "2022.08.28"]

1. d4 d5 2. c4 Nc6 3. cxd5 Qxd5 4. e3 e5 5. Nc3 Bb4 6. Bd2 Bxc3 7. bxc3 Qd6 8.
Bd3 Nf6 9. Ne2 O-O 10. f3 Re8 11. O-O Bd7 12. Qe1 Re7 13. Rc1 Rae8 14. e4 exd4
15. cxd4 Nxd4 16. Bb4 Nxe2+ 17. Bxe2 Qd4+ 18. Kh1 Re6 19. Rd1 Qb6 20. Bc3 Ba4
21. Rd4 Qc6 22. Rb4 a6 23. Bd4 Bb5 24. Bxb5 axb5 25. Qe2 Rd8 26. Be3 Qd7 27.
Rd4 Rd6 28. Rfd1 Rxd4 29. Rxd4 Qe7 30. Qxb5 Rxd4 31. Bxd4 c6 32. Qa5 h6 33. h3
Ne8 34. a4 Qd7 35. Qc5 f6 36. f4 Nc7 37. Qc4+ Kh8 38. Bf2 Ne6 39. f5 Nf8 40.
Bc5 Nh7 41. Qe6 Qd8 42. e5 fxe5 43. Qxe5 Nf6 44. Qd4 Qa5 45. Qb4 Qxb4 46. Bxb4
Nd5 47. Bd2 c5 48. Kg1 c4 49. Kf2 c3 50. Bc1 Nb6 51. a5 Nc4 52. Ke2 Kg8 53. Kd3
Nxa5 54. f6 Kf7 55. fxg7 Kxg7 56. Kxc3 h5 57. Kb4 Nc6+ 58. Kc5 Kf6 59. Kd6 Kf5
60. Bd2 Nd4 61. Be3 Ne2 62. g4+ 1/2-1/2

[Event "Obro 60 aar"]
[Site "Kobenhavn"]
[Date "1996.10.15"]
[Round "4"]
[White "Petersen, Nils"]
[Black "Pallesen, Jacob"]
[Result "1-0"]
[WhiteElo "2135"]
[BlackElo "2000"]
[PlyCount "183"]
[EventDate "1996.10.12"]
[EventCountry "DEN"]
[SourceVersionDate "2022.08.28"]

1. c4 f5 2. f4 Nf6 3. Nf3 b6 4. g3 Bb7 5. Bg2 e6 6. O-O Be7 7. Nc3 c5 8. d3 Nc6
9. e4 O-O 10. e5 Ne8 11. Be3 d6 12. d4 dxe5 13. dxe5 Nc7 14. Qe2 Qe8 15. Rfd1
Rd8 16. Rxd8 Qxd8 17. Rd1 Qc8 18. Rd2 Rd8 19. Qd1 Rxd2 20. Qxd2 h6 21. h4 Kf7
22. Kh2 Ke8 23. Nd5 Qd7 24. Nxe7 Kxe7 25. Qxd7+ Kxd7 26. h5 Ba6 27. Bf1 Na5 28.
Nd2 Bb7 29. g4 fxg4 30. Be2 Bf3 31. Bxf3 gxf3 32. Kg3 Nc6 33. a3 Ne7 34. Kxf3
Na6 35. Bf2 Nb8 36. b4 cxb4 37. axb4 Nbc6 38. b5 Na5 39. c5 Nd5 40. Kg4 Kc7 41.
f5 Nb7 42. c6 Nd8 43. Ne4 exf5+ 44. Kxf5 Ne7+ 45. Kg4 g6 46. hxg6 Nxg6 47. Bg3
Ne6 48. Kf5 Ngf8 49. Nc3 a6 50. Nd5+ Kb8 51. bxa6 Nd4+ 52. Kf6 Nxc6 53. Kf7 Ka7
54. Kxf8 Nxe5 55. Bxe5 Kxa6 56. Ke7 b5 57. Kd6 h5 58. Kc5 h4 59. Kb4 h3 60. Bh2
Kb7 61. Kxb5 Ka7 62. Nc3 Kb7 63. Ne4 Ka7 64. Ng5 Kb7 65. Nxh3 Ka7 66. Nf4 Kb7
67. Nd5 Ka7 68. Kc6 Ka8 69. Bg1 Kb8 70. Nc7 Kc8 71. Ba7 Kd8 72. Nd5 Ke8 73. Kd6
Kf7 74. Ke5 Kg6 75. Bf2 Kg5 76. Nf6 Kg6 77. Ke6 Kg5 78. Bg3 Kg6 79. Bh4 Kg7 80.
Nh5+ Kg6 81. Nf4+ Kg7 82. Bg5 Kf8 83. Ng6+ Ke8 84. Ne5 Kf8 85. Kd7 Kg7 86. Ke7
Kg8 87. Bh6 Kh7 88. Bf8 Kg8 89. Nd7 Kh7 90. Kf7 Kh8 91. Bg7+ Kh7 92. Nf6# 1-0

[Event "Obro 60 aar"]
[Site "Kobenhavn"]
[Date "1996.10.15"]
[Round "4"]
[White "Jorgensen, Brian Jorgen"]
[Black "Olesen, Martin"]
[Result "1/2-1/2"]
[WhiteElo "2290"]
[BlackElo "2370"]
[PlyCount "85"]
[EventDate "1996.10.12"]
[EventCountry "DEN"]
[SourceVersionDate "2022.08.28"]

1. e4 c5 2. Nf3 d6 3. d4 Nf6 4. Nc3 cxd4 5. Nxd4 g6 6. Be3 Bg7 7. f3 Nc6 8. Qd2
O-O 9. Bc4 Bd7 10. h4 Ne5 11. Bb3 Rc8 12. h5 Nxh5 13. g4 Nf6 14. Bh6 Bxh6 15.
Qxh6 Rxc3 16. bxc3 Qa5 17. O-O-O Rc8 18. Nf5 Bxf5 19. exf5 Qxc3 20. Kb1 Nc4 21.
Qc1 Qe3 22. Qxe3 Nxe3 23. Rde1 Nfd5 24. fxg6 hxg6 25. Rh6 g5 26. Rh5 e6 27.
Rxg5+ Kf8 28. Rh5 Rc5 29. Kc1 b5 30. Rh8+ Kg7 31. Ra8 Rc7 32. Rd8 Nc4 33. Bxc4
Rxc4 34. Rxd6 Ra4 35. Kb2 Rb4+ 36. Ka1 Rf4 37. Rf1 Kf6 38. Rf2 Ke5 39. Rd8 Kd4
40. Rh8 Ke3 41. Rhh2 Ra4 42. Re2+ Kxf3 43. Ref2+ 1/2-1/2

[Event "Obro 60 aar"]
[Site "Kobenhavn"]
[Date "1996.10.15"]
[Round "4"]
[White "Larsen, Pelle O"]
[Black "Tonning, Erik"]
[Result "0-1"]
[WhiteElo "2000"]
[BlackElo "2205"]
[PlyCount "79"]
[EventDate "1996.10.12"]
[EventCountry "DEN"]
[SourceVersionDate "2022.08.28"]

1. e4 e6 2. d4 d5 3. Nc3 Bb4 4. exd5 exd5 5. Bd3 Nc6 6. a3 Bxc3+ 7. bxc3 Nf6 8.
Bg5 O-O 9. Qf3 Qe8+ 10. Ne2 Ne4 11. Bxe4 dxe4 12. Qg3 Qd7 13. Bf4 b6 14. O-O
Ba6 15. Rfe1 Rad8 16. Nc1 Rfe8 17. Nb3 Re6 18. a4 Ne7 19. Qh3 Qd5 20. Rad1 f5
21. Qe3 Qc6 22. Be5 Rg6 23. Nd2 Nd5 24. Qh3 Rf8 25. c4 Bxc4 26. Nxc4 Qxc4 27.
Qb3 Rc6 28. Qg3 Rf7 29. Qg5 h6 30. Qd8+ Kh7 31. Qe8 Re7 32. Qd8 Rg6 33. g3 Ree6
34. a5 f4 35. Rxe4 Nc3 36. Rxf4 Nxd1 37. Rf8 Rg5 38. Rh8+ Kg6 39. Qd7 Rgxe5 40.
dxe5 0-1

[Event "Obro 60 aar"]
[Site "Kobenhavn"]
[Date "1996.10.15"]
[Round "4"]
[White "Malekian, Babak"]
[Black "Pedersen, Thomas Vils"]
[Result "1-0"]
[WhiteElo "2275"]
[BlackElo "2000"]
[PlyCount "85"]
[EventDate "1996.10.12"]
[EventCountry "DEN"]
[SourceVersionDate "2022.08.28"]

1. c4 Nf6 2. d4 e6 3. g3 d5 4. Bg2 Be7 5. Nf3 O-O 6. O-O c6 7. Qb3 b6 8. Nc3
Ba6 9. cxd5 cxd5 10. Ne5 Nfd7 11. f4 Nxe5 12. fxe5 Bc4 13. Qd1 Nc6 14. Rf2 Nxd4
15. Qxd4 Bc5 16. Qg4 Bxf2+ 17. Kxf2 f6 18. Qxe6+ Kh8 19. Bf3 Re8 20. Qd6 fxe5
21. Qxd8 Raxd8 22. Bg5 Rd7 23. b3 e4 24. Bg4 Rf7+ 25. Ke3 d4+ 26. Kxd4 Be6 27.
Bxe6 Rxe6 28. Bf4 h6 29. h4 Rc6 30. Nxe4 Rc2 31. Kd3 Rc6 32. Be5 Rd7+ 33. Bd4
Rf7 34. a4 Kg8 35. b4 Re6 36. Rc1 Rfe7 37. Rc8+ Kh7 38. Nc3 Rf7 39. e3 Rf3 40.
Ne4 Re7 41. Rc1 Kg6 42. g4 h5 43. Rc6+ 1-0

[Event "Obro 60 aar"]
[Site "Kobenhavn"]
[Date "1996.10.15"]
[Round "4"]
[White "Hartvig, Ove Weiss"]
[Black "Jorgensen, Michael"]
[Result "1/2-1/2"]
[WhiteElo "2310"]
[BlackElo "2285"]
[PlyCount "76"]
[EventDate "1996.10.12"]
[EventCountry "DEN"]
[SourceVersionDate "2022.08.28"]

1. Nf3 f5 2. e4 fxe4 3. Ng5 e5 4. d4 exd4 5. Nxe4 Nc6 6. Bc4 d5 7. Qh5+ g6 8.
Qxd5 Qxd5 9. Bxd5 Nce7 10. Bb3 Bh6 11. Na3 Bf5 12. Ng5 Bxg5 13. Bxg5 O-O-O 14.
O-O-O h6 15. Bh4 g5 16. Bg3 Nc6 17. Nb5 Rh7 18. Bxg8 Rxg8 19. Nxd4 Nxd4 20.
Rxd4 Rd8 21. Rxd8+ Kxd8 22. Re1 Kd7 23. Re5 Rf7 24. Kd2 Be6 25. Re4 Bd5 26. Rd4
Kc6 27. f3 Rd7 28. Be5 h5 29. Bf6 g4 30. Ke3 gxf3 31. gxf3 Rf7 32. Rf4 Bxa2 33.
b3 a5 34. Rc4+ Kd6 35. Bg5 b5 36. Rd4+ Ke6 37. Kd2 Rxf3 38. Kc1 a4 1/2-1/2

[Event "Obro 60 aar"]
[Site "Kobenhavn"]
[Date "1996.10.15"]
[Round "4"]
[White "Jensen, Henrik W"]
[Black "Olesen, Michael"]
[Result "1/2-1/2"]
[WhiteElo "2150"]
[BlackElo "2000"]
[PlyCount "76"]
[EventDate "1996.10.12"]
[EventCountry "DEN"]
[SourceVersionDate "2022.08.28"]

1. e4 c5 2. Nf3 e6 3. b4 b6 4. bxc5 bxc5 5. Nc3 g6 6. Rb1 Nc6 7. Bc4 Bg7 8. O-O
Nge7 9. Bb2 O-O 10. a4 d5 11. Bb5 Re8 12. Re1 Bd7 13. exd5 exd5 14. d4 c4 15.
Ne5 Nxe5 16. dxe5 Bxb5 17. Nxb5 Nc6 18. Nd6 Rxe5 19. Bxe5 Bxe5 20. Nb5 a6 21.
Na3 Qd6 22. Rb6 Bxh2+ 23. Kh1 Bf4 24. Qg4 Bh6 25. Qh3 Bg7 26. Qf3 Qc5 27. Rb7
Rf8 28. Nb1 c3 29. Rd1 Nb4 30. Na3 d4 31. Rd7 Qa5 32. Re1 Qxa4 33. Ree7 Qxa3
34. Rxf7 Qc1+ 35. Kh2 Qh6+ 36. Kg1 Qc1+ 37. Kh2 Qh6+ 38. Kg1 Qc1+ 1/2-1/2